Entre el gran relato de la historia y la miniatura (Narrativa Argentina de los ochenta)
El artículo intenta delimitar algunas áreas de problemas comunes que plantean ciertos textos de ficción que voluntariamente se inscriben dentro de una cultura nacional.Esta vez se trata de la narrativa Argentina de los años ochenta se refiere a varios autores y textos representados de las distintas...
Gespeichert in:
| 1. Verfasser: | |
|---|---|
| Format: | Unbekannt |
| Veröffentlicht: |
Venezuela:
Universidad Simón Bolivar,
|
| Schlagworte: | |
| Tags: |
Tag hinzufügen
Keine Tags, Fügen Sie den ersten Tag hinzu!
|
MARC
| LEADER | 000000000a22000000004500 | ||
|---|---|---|---|
| 001 | 000033 | ||
| 022 | |a 0798-958-0 | ||
| 100 | 1 | |a Montaldo, Graciela | |
| 245 | 1 | 0 | |a Entre el gran relato de la historia y la miniatura (Narrativa Argentina de los ochenta) |
| 260 | |a Venezuela: |b Universidad Simón Bolivar, | ||
| 310 | |a semestral | ||
| 520 | |a El artículo intenta delimitar algunas áreas de problemas comunes que plantean ciertos textos de ficción que voluntariamente se inscriben dentro de una cultura nacional.Esta vez se trata de la narrativa Argentina de los años ochenta se refiere a varios autores y textos representados de las distintas generaciones literarias y dedica su último apartado a la Argentina internacional. | ||
| 650 | 4 | |a BORGES, JORGE LUIS, 1899-1986 | |
| 650 | 4 | |a TRADICION LITERARIA | |
| 650 | 4 | |a LITERATURA ARGENTINA | |
| 650 | 4 | |a INTELECTUALES | |
| 650 | 4 | |a CORTAZAR, JULIO, 1914-1984 | |
| 650 | 4 | |a HISTORIA | |
| 773 | 0 | |t Estudios: Revista de Investigaciones Literarias | |
| 773 | 0 | |g 1 | |
| 773 | 0 | |g 2 | |
| 773 | 0 | |g 1993 | |
| 773 | 0 | |g 81-93 | |
| 999 | |c 783 |d 783 | ||
